00000000nam 2200000zi 4500
0019.922102
003CaOODSP
00520230501135308
006m     o  d f      
007cr |n|||||||||
008230501t19971997onc     o    f|0| 0 eng d
020 |z066263117X
040 |aCaOODSP|beng|erda|cCaOODSP
043 |an-cn---
0861 |aC2-329/1997E-PDF
24500|aManager's guide to using the business impact test.
264 1|aOttawa : |bGovernment of Canada = Gouvernement du Canada, |c1997.
264 4|c©1997
300 |a1 online resource (18 pages)
336 |atext|btxt|2rdacontent
337 |acomputer|bc|2rdamedia
338 |aonline resource|bcr|2rdacarrier
500 |aIssued also in French under title: Guide à l'intention des gestionnaires : le test de l'impact sur les entreprises.
500 |aDigitized edition from print [produced by Innovation, Science and Economic Development Canada].
650 0|aTrade regulation|zCanada|xCosts.
7101 |aCanada. |bIndustry Canada, |eissuing body.
77508|tGuide à l'intention des gestionnaires : |w(CaOODSP)9.922107
85640|qPDF|s903 KB|uhttps://publications.gc.ca/collections/collection_2023/isde-ised/c2/C2-329-1997-eng.pdf